| 000 | 00861nas a2200289 4500 | ||
|---|---|---|---|
| 001 | BR0905168 | ||
| 003 | BR-BrBNA | ||
| 005 | 20231205113618.0 | ||
| 007 | ta | ||
| 008 | 230509b bl.|||p| |||| 00| 00por d | ||
| 040 |
_aBR-BrBNA _bpor _cBiblioteca Nacional de Agricultura |
||
| 041 | _a(Pt) | ||
| 072 | _aL01 | ||
| 100 | 1 | _aConrado, A. de C. | |
| 100 | 1 | _aLopes, S.T. dos A. | |
| 100 | 1 | _aMartins, D.B. | |
| 100 | 1 | _aDuarte, M.F. | |
| 100 | 1 | _aMortari, A.C. | |
| 100 | 1 | _aFlores, M.L. | |
| 100 | 1 | _aBarasuól, L. | |
| 245 | 1 | _aEletroforese das proteínas plasmáticas em emas (Rhea americana)de diferentes faixas etárias | |
| 650 | _aEMA | ||
| 650 | _aELETROFORESE | ||
| 773 | 0 |
_tCiência Rural (Brazil) _xISSN 0103-8478 _g(Jul-Aug 2007), v. 37(4) p. 1033-1038 _wBR0905168 |
|
| 909 |
_a202311 _bLúcia _c55 _dLúcia Elande |
||
| 942 |
_2AGRIS _n0 _cANA |
||
| 999 |
_c204702 _d204702 |
||